1715 1689 1726 1018 1604 1431 1607 1165 1472 1780 1439 1272 1896 1180 1053 1335 1690 1391 1466 1808 1855 1717 1104 1664 1768 1354 1653 1397 1602 1403 1038 1424 1764 1144 1224 1299 1190 1541 1899 1872 1648 1874 1853 1851 1848 1109 1993 1616 1348 1986 1712 1652 1300 1197 1397 1867 1295 1346 1010 1601 1451 1746 1243 1199 1121 1163 1470 1735 1007 1971 1000 1450 1577 1442 1993 1446 1754 1887 1553 1588 1272 1507 1566 1513 1173 1979 1319 1468 1225 1483 1955 1662 1121 1705 1635 1349 1044 1649 1098 BCNSPRNW ULIB Ver.6.0+V

เปลี่ยนเป็นภาษาไทย

Change to English
 แสดงรายละเอียดบรรณานุกรม
  กลับหน้าหลัก

Brief Record : Get Marc (ISO 2709) : E-mail record : QR code < ปิดหน้าต่าง
LEADER : 00000nam 2200000uu 4500
001    13399124993
003     ULIB
008    160527s2000||||th 000 0 eng d
020    ^a080892186X
020    ^a0721662544
020    ^a0721682618
060  4 ^aW3^bD73
245 00 ^aDorland^'s illustrated medical dictionary. /^cWilliamAlexander Dorland
246 30 ^aIllustrated medical dictionary
250    ^a29th ed.
260    ^aPhiladelphia :^bW.B. Saunders,^c2000
300    ^axxiii, 2088 p. :^bill. ;^c29 cm.
500    ^aSend to Single Search
650  2 ^aDictionaries, Medical
650  2 ^aReference Books, Medical
700 1  ^aDorland, W.A. Newman^q(William Alexander Newman),^d1864-1956
945    ^p0^l0^i23716
999    ^aทศพร เกษรทอง
รายการนี้ยังไม่มีแท็ก
คุณยังไม่ได้ล็อกอิน คุณสามารถมีกิจกรรมร่วมกับเว็บไซต์ได้ แต่ต้องล็อกอินก่อน ::
  ล็อกอิน

รายการสื่อสารสนเทศ

ลำดับที่ ประเภท เลขเรียก/บาร์โค้ด สถานที่ สถานะ
1. วิทยาศาสตร์การแพทย์ และสุขภาพ
วิทยาศาสตร์การแพทย์ และสุขภาพ
W3 D73 ฉ.1 
  Barcode: 23716
ห้องสมุดวิทยาเขตนครสวรรค์
►หนังสือทั่วไป:l:General Books
บนชั้น

รายการใกล้เคียง
    หัวเรื่อง [Dictionaries, Medical]
    หัวเรื่อง [Reference Books, Medical]

BibComment


ยังไม่เคยถูกคอมเมนท์

คอมเมนท์ทรัพยากรรายการนี้
  คอมเมนท์: Dorlands illustr..


 Copyright 2026. Bcnsprnw @Library